Najdroższe miasta w Europie - Statystyki

Ogólne statystyki
  • Ten quiz został rozwiązany 149 razy
  • Średni wynik to 16 z 20
Statystyki odpowiedzi
L.p. Kraj Miasto % Poprawnych
2 Wielka Brytania Londyn
98%
11 Francja Paryż
96%
18 Rosja Moskwa
95%
14 Holandia Amsterdam
94%
6 Norwegia Oslo
94%
20 Włochy Rzym
92%
12 Austria Wiedeń
90%
10 Luksemburg Luksemburg
89%
5 Dania Kopenhaga
88%
4 Szwajcaria Berno
86%
13 Irlandia Dublin
86%
17 Finlanida Helsinki
85%
16 Niemcy Monachium
84%
8 Islandia Reykjavik
83%
9 Szwecja Sztokholm
82%
3 Szwajcaria Zurych
69%
19 Niemcy Frankfurt
58%
15 Holandia Haga
55%
1 Szwajcaria Genewa
53%
7 Norwegia Stavanger
12%
Nie znaleziono quizów pasujących do podanych kryteriów
Rozkład punktacji
Procent ludzi z każdym wynikiem
Percentyl według liczby udzielonych odpowiedzi
Twoja historia wyników
Nie rozwiązałeś tego quizu